تجدید وفا (Record no. 553992)
[ view plain ]
| 000 -LEADER | |
|---|---|
| fixed length control field | 00357nam a22001337a 4500 |
| 082 ## - DEWEY DECIMAL CLASSIFICATION NUMBER | |
| Classification number | 070.44491439 |
| Author Mark | NAG |
| 100 ## - MAIN ENTRY--PERSONAL NAME | |
| Personal name | Naghma Habib |
| 9 (RLIN) | 51267 |
| 245 ## - TITLE STATEMENT | |
| Title | تجدید وفا |
| 260 ## - PUBLICATION, DISTRIBUTION, ETC. | |
| Place of publication, distribution, etc. | Karachi, |
| Name of publisher, distributor, etc. | Mehran Publisher, |
| Date of publication, distribution, etc. | 2016. |
| 300 ## - PHYSICAL DESCRIPTION | |
| Extent | 167p. |
| 526 ## - STUDY PROGRAM INFORMATION NOTE | |
| Program name | 0 |
| Interest level | 0 |
| Reading level | 0 |
| Title point value | 070_444914390000000_NAG |
| 526 ## - STUDY PROGRAM INFORMATION NOTE | |
| Program name | 0 |
| Interest level | 0 |
| Reading level | 0 |
| Title point value | 070_444914390000000_NAG |
| 942 ## - ADDED ENTRY ELEMENTS (KOHA) | |
| Source of classification or shelving scheme | |
| Koha item type | Book |
| Withdrawn status | Lost status | Source of classification or shelving scheme | Damaged status | Not for loan | Permanent Location | Current Location | Date acquired | Total Checkouts | Full call number | Barcode | Date last seen | Date last checked out | Price effective from | Koha item type | Total Renewals |
|---|---|---|---|---|---|---|---|---|---|---|---|---|---|---|---|
| Military College of Engineering (MCE) | Military College of Engineering (MCE) | 10/25/2017 | 1 | 070.44491439 NAG | MCE-50296 | 12/07/2017 | 11/27/2017 | 10/25/2017 | Book | ||||||
| Military College of Engineering (MCE) | Military College of Engineering (MCE) | 02/19/2020 | 1 | 070.44491439 NAG | MCE-50294 | 04/29/2020 | 02/19/2020 | 02/19/2020 | Book | 1 |
